00242nam a22000857a 4500040002700000082001700027100001800044245008400062300001000146 cLuna Plena Publication a297.2 F252 F aLouay Fatoohi aJesus The Muslim ProphetbHistory Speaks of a Human Messiah Not a Divine Christ a119p.